000 01186nam a22003137a 4500
001 5396
003 FISKH
005 20241203093832.0
008 241203b cb ||||| |||| 00| 0 eng d
020 _a9780516239026
040 _aFISKH
_beng
_cFISKH
_dFISKH
050 _aGV199.E85
082 _a796.52
100 _aWerther, Scott P.
245 _aJon Krakauer's Adventure on Mt. Everest /
_cby Scott P. Werther
260 _aNew York:
_bScholastic ;
_c2002.
300 _a48 pages :
_bcolor illustrations ;
_c23 cm .
490 _aHigh Interest Books: Survivor
505 _aW
520 _aRelates the 1996 experiences of Jon Krakauer, a writer for Outside magazine, as he joined a group attempting to climb to the highest point on earth, the summit of Mt. Everest.
521 8 _a860
_bLexile
521 8 _aW
_bRaz-Plus
650 _aMountaineering expeditions- Everest, Mount( China and Nepal)
_vJuvenile literature
650 _aMountaineering accidents- Everest, Mount ( China and Nepal )
_vJuvenile literature
700 _aStein, Laura
_eBook designer
700 _aLogan, Christopher
_eBook designer
942 _2ddc
_cBK
_n0
999 _c5396
_d5396